000 00734nam a2200277Ia 4500
005 20250425162028.0
008 250425s9999 xx 000 0 und d
020 _a9688806404
041 _aspa
043 _amx
082 _a657.48
100 _aHORNGREN, CHARLES T.
245 0 _aBIBLIOTECA DE CONTABILIDAD FINANCIERA (TOMO II)
250 _a5A ED.
260 _aMEXICO
260 _aMéxico
_bPRENTICE-HALL HISPANOAMERICANA
_c1996
300 _a600
650 _aCONTABILIDAD FINANCIERA
650 _aESTADOS FINANCIEROS
650 _aFLUJOS DE EFECTIVO
700 _aCLAUDIA JOSEPHINE REYNAUD CESARIO
_etraductor
700 _aELLIOT, JOHN A.
700 _aSUNDEM, GARY L.
942 _c01
010 _a41291
999 _c220921
_d220921